Datum a čas kvízu

24.5 Celkem bodů Celkový počet nahraných bodů na tomto kvízu bez doplňovacích otázek.
9. Pořadí na kvízu Konečné umístění týmu na tomto kvízu.

Zaznamenané odpovědi

# Otázka Odpověď Body Výsledky
1. Jistou ulici v Praze někdo min... Ruská 1
2. Jistý stát zažil minulý týden... Čína 1
3. V úterý jsme se dozvěděli, že... Blade Runner 1
4. Japonští vědci minulý týden oz... ze dřeva 0
5. 34letý trojnásobný mistr světa... Peter Sagan 1
6. Součástí televizního programu... Hodina pravdy 0
7. Milovníkům AZ-kvízu či zábavný... pěstební dělnice 0
8. Napište název televizní soutěž... Kufr 1
9. V dnešní době je velmi populár... jednou 1
10. Kdo z uvedených nikdy nemodero... D 0